000 01016cam a22003257a 4500
003 CHAP
005 20220329141801.0
008 971013s1979 r 00010 d
010 _a73781
011 _a74753
035 _a84312
040 _cCHAP
082 _a633.4
_bH3
100 0 0 _aHarley, J. L.
_eed.
_952747
245 1 4 _aThe soil-root interface
260 _aLondon :
_bAcademic Press,
_c1979
300 _a448 p.
_b: ilus.; gráfs.
590 _aBATCH-UPD
_b10
_c20130110
_lUCH01
_h0502
590 _aBATCH-UPD
_b10
_c20130410
_lUCH01
_h0140
590 _aBATCH-UPD
_b10
_c20130914
_lUCH01
_h1602
590 _aCONVERSION
_b10
_c20130109
_lUCH01
_h1340
650 1 4 _aNitrógeno
_xFijación.
_981472
650 1 4 _aRaíces
_994670
650 1 4 _aSuelos y cultivos.
_9110571
700 0 _aRussell, R. Scott
_eed.
_9100972
901 _aBK
942 _cLIBRO
949 _a633.4 H3
_bBC
_cLIBRO
_d33724000218228
_eLIBRO
_h52355
_i84312
_si
949 _a633.4 H3
_bBC
_cLIBRO
_d33724000218236
_eLIBRO
_fc.2
_h52356
_i84312
_si
999 _c73781
_d73781